000 00757nam a2200229Ii 4500
003 JO-AjNU
008 230605s9999||||xx |||||||||||||| ||und||
017 _a2009/8/3847
020 _a9957-16-566-6
040 _aJO-AjNU
_bara
_erda
_cJO-AjNU
041 _aara
050 1 4 _aK1443.C6.H43.2010
100 3 _a حوى ، فاتن حسين ,
_eauthor
_912274
245 0 0 _aالمواقع الإلكترونية وحقوق الملكية الفكرية
250 _aط1
264 3 1 _aعمان : دار الثقافة ، 2010
300 _a246ص
336 _atext
_btxt
_2rdacontent
337 _aunmediated
_bn
_2rdamedia
338 _avolume
_bnc
_2rdacarrier
650 4 _aالملكية الفكرية -- المواقع الإلكترونية
_912275
999 _aA2754
_c6322
_d6322